Statystyki dla Największe miasta we Włoszech • A-Z

Kliknij tutaj aby rozwiązać quiz!

Ogólne statystyki

  • Ten quiz został rozwiązany 457 razy
  • Średni wynik to 9 z 21

Statystyki odpowiedzi

#~popWłoskie miasto% Poprawnych
R2,973,000Rzym
99%
M1,352,000Mediolan
98%
N970,000Neapol
93%
T887,000Turyn
91%
W262,000Wenecja
82%
F384,000Florencja
80%
P674,000Palermo
75%
G584,000Genua
74%
B388,000Bolonia
63%
U99,000Udine
32%
K313,000Katania
31%
C157,780Cagliari
27%
L159,000Livorno
21%
A101,000Ankona
12%
S135,000Salerno
10%
V106,069Vicenza
8%
I70,000Imola
3%
O60,000Olbia
3%
E53,000Ercolano
2%
D34,844Desio
0%
Q71,000Quartu Sant’Elena
0%

Rozkład punktacji

Percentyl według liczby udzielonych odpowiedzi

Procent ludzi z każdym wynikiem

Twoja historia wyników

Nie rozwiązałeś tego quizu